| 000 | 00487nam a2200193Ia 4500 | ||
|---|---|---|---|
| 005 | 20140403142126.0 | ||
| 008 | 140130s9999 xx 000 0 und d | ||
| 020 | _a043983306x | ||
| 050 |
_aPZ 7 _b.K59 2006 |
||
| 100 |
_aKirk, David _931077 |
||
| 245 |
_cDavid Kirk. _aMiss Spider's new car reader |
||
| 260 |
_bScholastic, _c2006. _aUSA : |
||
| 300 |
_a30 p. : _bcol. ill. ; _c28 cm. |
||
| 440 |
_v1 _931078 |
||
| 521 | _aG3 | ||
| 526 | _c590 | ||
| 942 |
_cBK _2lcc |
||
| 999 |
_c40732 _d40732 |
||